स्वामी सहजांनन्द (Record no. 31227)

MARC details
000 -LEADER
fixed length control field 00384nam a22001217a 4500
003 - CONTROL NUMBER IDENTIFIER
control field SGT
082 ## - DEWEY DECIMAL CLASSIFICATION NUMBER
Classification number 891.4309
Item number S11T
100 ## - MAIN ENTRY--PERSONAL NAME
Personal name त्रिवेदी, प्रिय रंजन
245 ## - TITLE STATEMENT
Title स्वामी सहजांनन्द
260 ## - PUBLICATION, DISTRIBUTION, ETC. (IMPRINT)
Name of publisher, distributor, etc सरस्वती किसान केंद्र प्रकाशन
Year of Publication 2011
300 ## - PAGE DESCRIPTION
No. of Pages 329
942 ## - ADDED ENTRY ELEMENTS (KOHA)
Source of classification or shelving scheme Dewey Decimal Classification
Koha item type Books
Holdings
Withdrawn status Lost status Source of classification or shelving scheme Damaged status Not for loan Home library Current library Shelving location Date acquired Volume Information (Serial or Books or Non-Book Material) SGTU Full call number Accession No. (Barcode) Date last seen Bill Date Koha item type
    Dewey Decimal Classification   Not For Loan SGT Chancellor's Library SGT Chancellor's Library Reference Book 26/05/2025 1 SGTU 891.4309 S11T CH3365 26/05/2025 26/05/2025 Books
    Dewey Decimal Classification   Not For Loan SGT Chancellor's Library SGT Chancellor's Library Reference Book 26/05/2025 2 SGTU 891.4309 S11T CH3366 26/05/2025 26/05/2025 Books
    Dewey Decimal Classification   Not For Loan SGT Chancellor's Library SGT Chancellor's Library Reference Book 26/05/2025 3 SGTU 891.4309 S11T CH3367 26/05/2025 26/05/2025 Books
    Dewey Decimal Classification   Not For Loan SGT Chancellor's Library SGT Chancellor's Library Reference Book 26/05/2025 4 SGTU 891.4309 S11T CH3368 26/05/2025 26/05/2025 Books
    Dewey Decimal Classification   Not For Loan SGT Chancellor's Library SGT Chancellor's Library Reference Book 26/05/2025 5 SGTU 891.4309 S11T CH3369 26/05/2025 26/05/2025 Books
    Dewey Decimal Classification   Not For Loan SGT Chancellor's Library SGT Chancellor's Library Reference Book 26/05/2025 6 SGTU 891.4309 S11T CH3370 26/05/2025 26/05/2025 Books